Los Angeles Business Journal

Bibliographic Details
Format: eBook
Language:English
Published: Estados Unidos CBJ, L.P. 1986-2015
Subjects:
Online Access:Acceso restringido

MARC

LEADER 00000nam a22000007a 4500
005 20151109121549.0
007 cr|||| ||u|
008 151109s19862015-usd|||os|||| 0|||a1eng d
022 |a  0194-2603  
035 |a 2851 
040 |a vLex  
090 |c 5684  |d 5684 
245 1 4 |a Los Angeles Business Journal  |h [Recurso electrn̤ico] /  |c CBJ, L.P. 
256 |a Servicio en ln̕ea  
260 |a Estados Unidos   |b CBJ, L.P.  |c 1986-2015 
300 |a 1 recurso electrn̤ico  
310 |a Diario 
506 1 |a Contenido solo disponible en los productose indicados  |d vLex Global  |d vLex Global (Academic Edition, excluding Law Schools)  |d vLex Global (U.S. Academic Edition, Law Schools)  |d vLex Global (U.S. Academic Edition, excluding Law Schools)  |d vLex Global (Academic Edition, Law Schools) 
650 0 4 |a Negocios   |z Los Angeles 
740 0 |a vLex revista (servicio en ln̕ea) 
856 4 0 |u http://vlex.com/source/los-angeles-business-journal-2851  |z Acceso restringido  
942 |c REV 
999 0 |a Business